Devinez le Pays Mystère #130 - Statistiques

Statistiques générales
  • Ce quiz a été pris 307 fois
  • Le résultat moyen est 13 sur 17
Statistiques - réponses
Type de Réponse Réponse % Correct
Lettre Trouvée A
98%
Lettre Trouvée U
92%
Lettre Trouvée R
89%
Lettre Trouvée G
85%
Lettre Bien Placée A
83%
Lettre Trouvée A
79%
Lettre Bien Placée A
78%
Lettre Bien Placée A
75%
Lettre Trouvée P
75%
Lettre Bien Placée R
75%
Lettre Bien Placée P
73%
Lettre Bien Placée U
71%
Lettre Trouvée Y
71%
Lettre Trouvée A
70%
Lettre Bien Placée G
70%
Pays Mystère Paraguay
70%
Lettre Bien Placée Y
70%
Aucun quiz correspondant
Distribution des résultats
% des personnes avec chaque résultat
Percentile par nombre de réponses
Votre historique - résultats
Vous n’avez pas pris ce quiz